Loading...
| LEADER | 00576nam a22001577a 4500 | ||
|---|---|---|---|
| 008 | 160820b xxu||||| |||| 00| 0 eng d | ||
| 020 | |a 85212686 |c INR | ||
| 082 | |a 133.52 | ||
| 100 | |a Sharma, Sanjay | ||
| 245 | |a Zodiac and sunsigns : |b a comparison of Indian and western astrology / |c Sanjay Sharma | ||
| 260 | |a Chandigarh : |b Arun, |c 2000. | ||
| 300 | |a 160 p. ; | ||
| 650 | |a Zodiac |v Astrology | ||
| 942 | |c BK | ||
| 999 | |c 285997 |d 285997 | ||
| 952 | |0 0 |1 0 |4 0 |6 133_520000000000000_SHA_Z |7 0 |9 324637 |a FLK |b FLK |c ST1 |d 2016-08-20 |e BK |g 350.00 |i 914 |l 0 |o 133.52 SHA/Z |p FLK914 |r 2016-08-20 |w 2016-08-20 |y BK | ||